Oscar for Best Animated Feature - Statistics

General Stats
  • This quiz has been taken 43 times
  • The average score is 10 of 16
Answer Stats
Year Answer % Correct
2013 Frozen
83%
2001 Shrek
76%
2010 Toy Story 3
76%
2009 Up
76%
2003 Finding Nemo
71%
2004 The Incredibles
71%
2008 WALL-E
71%
2012 Brave
63%
2015 Inside Out
61%
2002 Spirited Away
59%
2016 Zootopia
59%
2007 Ratatouille
56%
2014 Big Hero 6
41%
2011 Rango
41%
2006 Happy Feet
39%
2005 Wallace and Gromit: The Curse of the Were-Rabbit
37%
No matching quizzes found
Score Distribution
Percent of People with Each Score
Percentile by Number Answered
Your Score History
You have not taken this quiz